00842nam a2200241Ia 450000500170000000800410001702000150005804100080007308200220008110000320010324500600013524600580019525000220025330000260027565000490030165000440035065000480039426400350044233600270047733700330050433800280053704000350056520220316235451.0121119s1996 sp grd 000 0 spa  a84797822180 aspa04aR 603.10216bB23D1 aBeigbeder Atienza, Federico10aDiccionario técnico - ingléscF. Beigberder Atienza aTechnical dictionary english-spanish, spanish-english aPrimera edición a1253 páginasc25 cm14aTecnología xEspañolvDiccionarios2LEMB14aInglésxEspañolvDiccionarios2LEMB14aTecnologíaxInglésvDiccionarios 2LEMB aMadridbDíaz de Santosc1996 atextobtxt2rdacontent asin mediaciónbn2rdamedia avolumenbnc2rdacarrier aCO-BoRNBPbspaerdacCO-BoRNBP